00485cam a22001337a 4500008004000000082001800040100002400058245006200082260005100144300001300195440002200208500008700230650003400317180718b1952 xxu||||| |||| 00| 0 eng d aI5516x73 In8c aArnow, Kathryn Smul aAttack on the cost of living indexcby Kathryn Smul Arnow aNew YorkbPolygraphic Company of Americac1952 a779-853p aOPAC case studies aInter-university case program: cases in public administration and policy formation aInter-university case program